Statistics for All Time World Cup Top Goalscorers

Click here to take the quiz!

General Stats

  • This quiz has been taken 19 times
  • The average score is 7 of 13

Answer Stats

Answer% Correct
Ronaldo
100%
Gerd Müller
95%
Pelé
95%
Thomas Müller
95%
Miroslav Klose
84%
Gary Lineker
53%
Gabriel Batistuta
47%
Jürgen Klinsmann
42%
Just Fontaine
26%
Grzegorz Lato
21%
Sándor Kocsis
16%
Helmut Rahn
16%
Teófilo Cubillas
16%

Score Distribution

Percentile by Number Answered

Percent of People with Each Score

Your Score History

You have not taken this quiz